Nombre un país válido de cada longitud de nombre - Estadísticas

Estadísticas generales
  • Esta prueba ha sido intentada 5.546 veces
  • La puntuación promedio es 8 de 10
Estadísticas de respuestas
Longitud Respuesta # de países % Correcto
6 Angola, Baréin, Belice, Brasil, Brunéi ... 32
99%
5 Benín, Bután, Catar, Chile, China ... 24
99%
4 Chad, Cuba, Fiyi, Irak, Irán, Laos, Mali, Omán, Perú, Togo 10
99%
7 Albania, Andorra, Argelia, Armenia ... 39
97%
8 Alemania, Barbados, Birmania, Botsuana ... 22
96%
9 Argentina, Australia, Bangladés, Dinamarca ... 14
94%
10 Afganistán, Azerbaiyán, Eslovaquia, Kazajistán ... 13
90%
12 Turkmenistán 1
46%
11 Bielorrusia 1
33%
13 Liechtenstein 1
33%
No se encontraron pruebas coincidentes
Distribución de puntuación
Porcentaje de gente con cada puntuación
Porcentaje por número respondido
Historial de tus puntuaciones
No has intentado esta prueba.